header

Worship with one accord (Record no. 5057)

MARC details
000 -LEADER
fixed length control field 01182nam a2200301Ia 4500
100 1# - MAIN ENTRY--AUTHOR NAME
Personal name Wainwright, Geoffrey,
245 10 - TITLE STATEMENT
Title Worship with one accord
260 ## - PUBLICATION, DISTRIBUTION, ETC. (IMPRINT)
Place of publication New York :
Name of publisher Oxford University Press,
Year of publication c1997.
300 ## - PHYSICAL DESCRIPTION
Number of Pages xi, 276 p.
650 #0 - SUBJECT ADDED ENTRY--TOPICAL TERM
Topical Term Liturgics and Christian union.
Topical Term Christian union.
856 40 - ELECTRONIC LOCATION AND ACCESS
Uniform Resource Identifier http://site.ebrary.com/lib/rucke/Doc?id=10278632

No items available.

© 2026 Rongo University
Contact us: librarian | system librarian | Rongo university